000 00415nab a2200145Ia 4500
003 ES-SlBCS
005 20210601130448.0
008 140529s1959 xxu||||| |||| 00| 0 fre d
041 _afre
100 1 _aForest, Aimé
_956942
245 0 0 _aArt et métaphysique
_c Aimé Forest
650 0 4 _aArte-Metafísica
_9173280
773 0 _tGiornali di Metafisica
_gvol. 14, nº. 1, 1959, págs. 2-10
_w0017-0372
942 _cAR
999 _c547081
_d547081